Türk Ceza Kanunu Ceza Muhakemeleri Usulü Kanunu Cezaların İnfazı Hakkında Kanun (Record no. 4946)

MARC details
000 -BAŞLIK
Sabit Uzunlukta Kontrol Alanı 00916na a2200277 4500
001 - KONTROL NUMARASI
Denetim Alanı 17354
003 - KONTROL NUMARASI IDENTIFIER
Denetim Alanı MIRAKIL
005 - SON İŞLEM TARİHİ VE ZAMANI
Denetim Alanı 20181213155022.0
008 - SABİT-BOY VERİ ELEMANLARI - GENEL BİLGİLER
Sabit Uzunlukta Kontrol Alanı 161024b tu 000 0
020 ## - ULUSLARARASI STANDART KİTAP NUMARASI
Uluslararası Standart Kitap Numarası 9757926108
040 ## - KATALOGLAMA KAYNAK
Orijinal Kataloglama Ajansı Milas
Kataloglama Dili tur
Metne Dönüştürmek Ajansı TR-AnCHP
041 ## - DİL KODU
Metin / Ses Parça Veya Ayrı Başlığın Dil Kodu tur
082 ## - DEWEY ONLU SINIFLANDIRMA NUMARASI
Sınıflandırma Numarası 345.02632
Ürün Numarası B24t 1999
090 ## - SINIFLAMA NUMARASI
Sınıflama Numarası 345.02632 B24t 1999
100 ## - ANA GİRİŞ - KİŞİSEL İSİM
Kişisel Ad Bakıcı, Sedat
245 ## - BAŞLIK TABLOSU
Başlık Türk Ceza Kanunu Ceza Muhakemeleri Usulü Kanunu Cezaların İnfazı Hakkında Kanun
Sorumluluk Tablosu, Vb Sedat Bakıcı
250 ## - EDITION TABLOSU
Baskı Beyanı 6. bs.
260 ## - YAYIN, DAĞITIM, VB
Yayın, Dağıtım, Vb Yeri Ankara
Yayıncı, Dağıtıcı, Vs Adı Adalet Yayınevi
Yayın, Dağıtım, Vb Tarihi 1999
300 ## - FİZİKSEL TANIM
Kapsam 548 s.
Boyutlar 16 sm.
490 ## - SERİSİ TABLOSU
Seri Beyanı Hukuk Yayınları dizisi
Hacim / Ardışık Tanımı 10
650 ## - KONU KATMA GİRİŞ - TOPİKAL DÖNEM
Topikal Süreli Veya Coğrafi Ad Giriş Elemanı Ceza hukuku
Genel Alt Bölümü Kanunlar
Coğrafi Alt Bölümü Türkiye
651 ## - KONU KATMA GİRİŞ - COĞRAFİ ADI
Coğrafi İsim Türkiye
Genel Alt Bölümü Ceza ve Güvenlik Tedbirlerinin İnfazı Hakkında Kanun (CGTİK), 1965
651 ## - KONU KATMA GİRİŞ - COĞRAFİ ADI
Coğrafi İsim Türkiye
Genel Alt Bölümü Ceza Muhakemeleri Kanunu (CMK), 1929
651 ## - KONU KATMA GİRİŞ - COĞRAFİ ADI
Coğrafi İsim Türkiye
Genel Alt Bölümü Türk Ceza Kanunu (TCK), 1926
942 ## - EKLENDİ GİRİŞ ELEMANLARI (KOHA)
Sınıflandırma Veya Raf Düzeni Kaynak Dewey Decimal Classification
Koha Öğesi Türü Books
999 ## - SİSTEM KONTROL NUMARALARI (KOHA)
Koha Biblionumber 4946
Koha Biblioitemnumber 4946
Holdings
Kalıcı Konum Mevcut Konum Edinme Tarihi Edinim Kaynak Toplam Check-Out'Lar Tam Çağrı Numarası Barkod Tarih Son Görülme İtibaren Geçerli Fiyatlar Koha Öğesi Türü
CHP Kütüphanesi CHP Kütüphanesi 10/24/2016 Bağış   345.02632 B24t 1999 008113 10/24/2016 10/24/2016 Books